000 00419nam a22001697a 4500
005 20171012152020.0
008 160511b xxu||||| |||| 00| 0 eng d
020 _a0-19-565809-04
041 _aeng
082 _b1249
100 _aSinha RP
_9436
245 _aCurrent English Grammer and Usage with Composition
260 _bOxford University Press
_c2005
300 _a465
650 _aManagement
_9241
942 _cBK
999 _c523
_d523